KOHA-Header-6

Stolen Twenty Years in desert jail lives (Record no. 12037)

000 -LEADER
fixed length control field 00312nam a22001337a 4500
020 ## - INTERNATIONAL STANDARD BOOK NUMBER
ISBN 0-7868-6861-9
082 ## - DEWEY DECIMAL CLASSIFICATION NUMBER
Classification number 365.45
100 ## - MAIN ENTRY--AUTHOR NAME
Personal name Malika Oufkir
245 ## - TITLE STATEMENT
Title Stolen Twenty Years in desert jail lives
260 ## - PUBLICATION, DISTRIBUTION, ETC. (IMPRINT)
Place of publication New York
Name of publisher Hyperion
Year of publication 1999
300 ## - PHYSICAL DESCRIPTION
Number of Pages 293
650 ## - SUBJECT ADDED ENTRY--TOPICAL TERM
Topical Term English Fiction
942 ## - ADDED ENTRY ELEMENTS (KOHA)
Koha item type Books
Holdings
Withdrawn status Lost status Collection code Permanent Location Current Location Shelving location Date acquired Full call number Accession Number Koha item type
    English Literature MAJU MAJU Shelf No.A13 2019-10-03 365.45 2315 English Literature

Powered by Koha